00780nam a2200217 i 4500001000400000245011900004250001200123260004900135300005600184505003600240650001700276650001900293655003200312655001600344700002600360020002100386040000800407041000800415008004100423856009800464bgj00aAnnual edition: Western civilization. - Vol. 2: Early modern through the 20th century /cedited by William Hughes. a5th ed. aGuilford, Ct :bThe Dushkin Publ.,cc. 1989. a[11], 209, [3] pp :bill., phot., reprod. ;c28 cm. aIncludes topic guide and index. 9aCivilization 9aWorldxHistory aAddresses, essays, lectures aPeriodicals1 aHUGHES, William.eed. a0879677805 (pbk) cBPK0 aeng s uk f |000 0 eng  uhttp://koha.tu.koszalin.pl/cgi-bin/koha/opac-detail.pl?biblionumber=41389yKatalog online BPK